|
|
|
|
| LEADER |
01228nam a22003012a 4500 |
| 001 |
000040163 |
| 003 |
CZ BrMZK |
| 005 |
20140728102145.0 |
| 007 |
ta |
| 008 |
951201s1978 xr ab f 000 0 cze d |
| 015 |
|
|
|a cnb000154306
|
| 040 |
|
|
|a BOA001
|b cze
|
| 100 |
1 |
|
|a Pernica, Milan
|7 jk01092577
|4 aut
|
| 245 |
1 |
0 |
|a Podyjí a Jihlavské vrchy /
|c Milan Pernica
|
| 250 |
|
|
|a 1. vyd.
|
| 260 |
|
|
|a Praha :
|b Olympia,
|c 1978
|
| 300 |
|
|
|a 222 s. :
|b il., mapy ;
|c 18 cm +
|e 1 mapová příl.
|
| 490 |
1 |
|
|a Průvodce Olympia
|
| 500 |
|
|
|a Dostupné též v digitální podobě v aplikaci Kramerius
|
| 830 |
|
0 |
|a Průvodce Olympia
|0 s
|
| 856 |
4 |
1 |
|u http://www.digitalniknihovna.cz/mzk/uuid/uuid:5db7eb20-d9b1-11e3-b110-005056827e51
|y Digitalizovaný dokument
|x NDK
|
| 910 |
|
|
|a BOA001
|b PK-A-0016.940
|b TK-0201.853
|b 1-0791.478
|
| 964 |
|
|
|a Podyjí - průvodci
|
| 964 |
|
|
|a Jihlavské vrchy - průvodci
|
| 990 |
|
|
|a BK
|
| 996 |
6 |
|
|b 2619946321
|c 1-0791.478
|l MZK
|r Sklad / do 1 hodiny
|n 0
|w 000040163
|u 000040
|a 1
|e BOA001
|j MZK50
|s P
|
| 996 |
7 |
|
|b 2629976601
|c TK-0201.853
|l MZK
|r Sklad / do 24 hodin
|n 9
|w 000040163
|u 000020
|a 1
|e BOA001
|j MZK50
|s A
|
| 996 |
7 |
|
|b 3119990195
|c PK-A-0016.940
|l MZK
|r Sklad / do 1 hodiny
|n 6
|w 000040163
|u 000010
|a 1
|e BOA001
|j MZK50
|s A
|